Представление документа в формате RUSMARC

ПолеНазваниеЗначение
  Тип записи a
  Библиографический уровень m
001 Контрольный номер RU/УОНБ/EK_INO/400166155
005 Дата корректировки 20240131004613.8
100 Данные общей обработки __
a Данные общей обработки 20120905d1910 u y0gery018901 ba
101 Язык документа 0_
a Язык текста ger
102 Страна публикации __
a Страна публикации DE
105 Кодированные данные (монография) __
a Кодированные данные (монография) a z 000yy
200 Заглавие и сведения об ответственности 1_
a Заглавие Impressionismus
e Сведения, относящиеся к заглавию ein Problem der Malerei in der Antike und Neuzeit
e Сведения, относящиеся к заглавию [in 2 Bd.]
f Первые сведения об ответственности W. Weisbach
210 Выходные данные 1_
a Место издания Berlin
c Издательство G. Grote`sche
d Дата издания 1910
215 Физическое описание __
d Формат 26 cm
300 Общие примечания __
a Общие примечания Прижизн. изд.
686 Индексы других классификаций __
a Классификационный индекс 85.14 Нем
2 Код системы rubbk
700 Автор _1
a Фамилия Weisbach
b Имя (инициалы) W. (1873-1953)
g Полное личное имя Werner
801 Источник записи _0
a Страна RU
b Организация Ульяновская ОНБ
c Дата составления 20120905
g Правила каталогизации RCR
801 Источник записи _1
a Страна RU
b Организация Ульяновская ОНБ
c Дата составления 20120905
g Правила каталогизации RCR
901 Тип документа __
t Тип документа v
909 Создатель записи __
a Создатель записи Рязанова
938 Служебная информация __
a Имя БД ino
b Имя библиотеки УОНБ
c Имя АИБС МАРК-SQL
d Номер DOC_ID в БД 9301